000 00545nam a2200181Ia 4500
008 220216s9999 xx 000 0 und d
100 _aSuwardin S
245 0 _aUtilization of waste of rubber plantation and crumb rubber factory as a source of bioenergy
260 _bIRRDB International Rubber Conference 14-17 December 2011, Chiang
650 _aBioenergy
650 _aBiomass
650 _aGasification
650 _aRubber factory waste
650 _aRubber plantation waste
650 _aStumps
650 _aWaste
942 _cJS
999 _c72035
_d72035